Paroles - La belle et la bête, Indochine - Statistiques

Statistiques générales
  • Ce quiz a été pris 86 fois
  • Le résultat moyen est 110 sur 149
Statistiques - réponses
Réponse % Correct
Et
100%
et
100%
belle
97%
bête
97%
la
97%
97%
a
91%
je
91%
Je
91%
se
89%
Il
86%
le
86%
me
86%
ce
83%
moi
80%
pas
77%
tu
77%
y
77%
de
74%
fort
74%
l'eau
74%
Parfois
74%
que
74%
qui
74%
sentais
74%
sur
74%
ces
71%
en
71%
marchais
71%
Ne
71%
tout
71%
beau
69%
d'en
69%
haut
69%
les
69%
Mais
69%
passe
69%
ça
66%
Est-ce
66%
plus
66%
suis
66%
toi
66%
Un
66%
vois
66%
des
63%
Des
63%
Diable
63%
encore
63%
impuissant
63%
tête
63%
ange
60%
aurait
60%
ceux
60%
Comment
60%
croire
60%
dans
60%
d'eau
60%
jours
60%
laisse
60%
perdent
60%
pu
60%
rêve
60%
soit
60%
Tomber
60%
tous
60%
toutes
60%
beaux
57%
filles
57%
Revivre
57%
sois
57%
vu
57%
garçons
54%
gouttes
54%
l'océan
54%
mission
54%
partent
54%
Soyons
54%
anges
51%
exigeants
51%
longs
49%
sanglots
49%
Oh ! oh ! oh ! oh ! oh ! oh !
46%
Aucun quiz correspondant
Distribution des résultats
% des personnes avec chaque résultat
Percentile par nombre de réponses
Votre historique - résultats
Vous n’avez pas pris ce quiz